000 00415nam a2200145Ia 4500
008 230917s9999||||xx |||||||||||||| ||und||
040 _e113881
_aMAIN
041 _aEnglish
082 _a352.054 P192P
100 _aSunder Ram, D, ed.
245 0 _aPanchayati raj reforms in india: Power to the people at the grassroots
260 _aNew Delhi
_bKanishka Publishers
_c2007
300 _axvi, 327 p.
942 _cBK
999 _c140461
_d140461